Star Wars Character Quiz - Statistics

General Stats
  • This quiz has been taken 6 times
  • The average score is 7 of 15
Answer Stats
Hint Answer % Correct
Count Dooku's Master Yoda
100%
Original Face of the Clones Jango Fett
80%
Anakin Skywalker's Padawan Ahsoka Tano
60%
Captain of the Razorcrest Din Djarin
60%
Darth Maul's Brother Savage Opress
60%
Qui Gon Jin's Master Count Dooku
40%
Clone who nearly exposed Order 66 Fives
40%
Leader of the Bad Batch Hunter
40%
Ezra Bridger's Master Kanan Jarrus
40%
Architect of the Rebellion Luthen Rael
40%
Leader of the Night Sisters Mother Talzin
40%
Oversaw Death Star Construction Orson Krennic
40%
Jabba the Hutt's son Rotta the Hutt
40%
Anakin's former Owner Watto
40%
Highest Kill Count in Star Wars Armitage Hux
20%
No matching quizzes found
Score Distribution
Percent of People with Each Score
Percentile by Number Answered
Your Score History
You have not taken this quiz